Estudios sobre el pietín del trigo : (gaeumannomyces graminis var. tritici) /

Guardado en:
Otros Autores: Monterroso, Liliana. (Disertante), Delhey, Rolf. (Orientador)
Formato: Manuscrito
Idioma:Spanish
Publicado: 2004.
Materias:
Etiquetas: Agregar Etiqueta
Sin Etiquetas, Sea el primero en etiquetar este registro!
LEADER 00845ntm a22002055a 4500
001 EEA.libagro009439
005 20160926102630.0
008 050823s2004####ag#a#####bm###000#0#spa#d
100 1 |a Monterroso, Liliana.  |4 dis 
245 1 0 |a Estudios sobre el pietín del trigo :  |b (gaeumannomyces graminis var. tritici) /  |c Liliana Monterroso. 
260 |c 2004. 
300 |a vii, 102 h. :  |b il. ;  |c 30 cm. 
500 |a Director de tesis: Rolf R. Delhey. 
502 |a Tesis (magíster)--Universidad Nacional del Sur. Departamento de Agronomía, 2004. 
504 |a Incluye referencias bibliográficas: p.79-97. 
650 7 |a Gestión de cultivos.  |2 Unbis 
650 7 |a Agronomía.  |2 Unbis 
700 1 |a Delhey, Rolf.  |4 ths 
710 2 |a Universidad Nacional del Sur.  |b Departamento de Agronomía  |4 dgg. 
859 |a AR-BbBCA  |b BIB. AGRONOMIA  |h 040  |i B148 2004-690m  |p 115929/005